Представление документа в формате RUSMARC

Поле Инд. ПП Название Значение
Тип записи a
Библиографический уровень a
001 Контрольный номер 22ce93e4430344618b3155ef47803baa
005 Дата корректировки 20190127081221.2
100 a Данные общей обработки 20190121 ||| 0rusy0189 ca
101 0_ a Язык текста rus
102 a Страна публикации RU
200 1_ f Первые сведения об ответственности А.Ю. Кирьянов
a Заглавие К вопросу о соотношении понятий "государственный контроль" и "негосударственный контроль"
b Общее обозначение материала Текст
210 1_ d Дата издания 2018
461 _0 1 2000
a Государственная власть и местное самоуправление
463 _0 1 2000
a № 11
v С. 7-11
1 2101
d 2018
1 001bebd526b377e42068c620f3d52884206
606 a Основная рубрика Конституционное (государственное) право
610 0_ a Ключевые слова ГРАЖДАНСКОЕ ОБЩЕСТВО
a Ключевые слова КОНТРОЛЬ НАДЗОР ГОСУДАРСТВЕННЫЙ
700 _1 a Фамилия Кирьянов
b Имя А.Ю.
801 _0 a Страна RU
b Организация РГУП
c Дата составления 20190121
g Правила каталогизации PSBO
801 _1 a Страна RU
b Организация РГУП
c Дата составления 20190121
g Правила каталогизации PSBO
901 t Тип документа b
w Контрольный № источника bebd526b377e42068c620f3d52884206
905 a Дата ввода 20190121